[Event "euyr2018"]
[Site "?"]
[Date "2018.05.25"]
[Round "1.1"]
[White "Sahidi, Samir"]
[Black "Varga, Lukas"]
[Result "1-0"]
[BlackElo "1646"]
[WhiteElo "2307"]
[LiveChessVersion "1.4.8"]

1. e4 {[%clk 0:20:10]} c5 {[%clk 0:20:10]} 2. Nf3 {[%clk 0:20:10]} Nc6
{[%clk 0:20:10]} 3. Bb5 {[%clk 0:20:10]} g6 {[%clk 0:20:10]} 4. O-O
{[%clk 0:20:00]} Bg7 {[%clk 0:19:16]} 5. Re1 {[%clk 0:19:51]} Nf6
{[%clk 0:16:30]} 6. c3 {[%clk 0:19:26]} Qb6 {[%clk 0:15:37]} 7. Ba4
{[%clk 0:19:05]} O-O {[%clk 0:15:06]} 8. e5 {[%clk 0:18:21]} Ng4 {[%clk 0:12:27]}
9. d4 {[%clk 0:17:57]} d6 {[%clk 0:11:30]} 10. h3 {[%clk 0:17:46]} Nh6
{[%clk 0:11:09]} 11. exd6 {[%clk 0:14:56]} exd6 {[%clk 0:11:12]} 12. Na3
{[%clk 0:14:29]} cxd4 {[%clk 0:10:41]} 13. cxd4 {[%clk 0:14:06]} Nf5
{[%clk 0:10:40]} 14. Bxc6 {[%clk 0:13:24]} bxc6 {[%clk 0:09:20]} 15. Nc4
{[%clk 0:13:00]} Qb5 {[%clk 0:08:13]} 16. b3 {[%clk 0:12:43]} Qd5
{[%clk 0:06:32]} 17. Bf4 {[%clk 0:11:45]} Rd8 {[%clk 0:05:12]} 18. Bg5
{[%clk 0:10:15]} Rf8 {[%clk 0:05:10]} 19. Qd2 {[%clk 0:08:14]} h6
{[%clk 0:02:54]} 20. Bf4 {[%clk 0:07:20]} g5 {[%clk 0:03:03]} 21. Bh2
{[%clk 0:07:14]} c5 {[%clk 0:02:42]} 22. Rad1 {[%clk 0:06:14]} cxd4
{[%clk 0:02:48]} 23. Qa5 {[%clk 0:05:00]} Be6 {[%clk 0:01:54]} 24. Qxd5
{[%clk 0:04:04]} Bxd5 {[%clk 0:02:03]} 25. Nxd6 {[%clk 0:03:21]} Bxf3
{[%clk 0:01:31]} 26. gxf3 {[%clk 0:03:23]} Nh4 {[%clk 0:00:35]} 27. Rd3
{[%clk 0:03:31]} Rad8 {[%clk 0:00:32]} 28. Bg3 {[%clk 0:03:09]} f5
{[%clk 0:00:14]} 29. Nc4 {[%clk 0:02:40]} Ng6 {[%clk 0:00:11]} 30. Bd6
{[%clk 0:02:33]} Rf7 {[%clk 0:00:21]} 31. Re6 {[%clk 0:02:14]} Nf8
{[%clk 0:00:18]} 32. Bxf8 {[%clk 0:02:15]} Kxf8 {[%clk 0:00:24]} 33. Nd6
{[%clk 0:02:01]} Rf6 {[%clk 0:00:13]} 34. Rxf6+ {[%clk 0:02:07]} Bxf6
{[%clk 0:00:22]} 35. Nxf5 {[%clk 0:02:11]} h5 {[%clk 0:00:29]} 36. Ng3
{[%clk 0:02:13]} h4 {[%clk 0:00:12]} 37. Ne4 {[%clk 0:02:20]} Kf7
{[%clk 0:00:13]} 38. Kg2 {[%clk 0:02:15]} Kg6 {[%clk 0:00:20]} 39. f4
{[%clk 0:01:55]} gxf4 {[%clk 0:00:21]} 40. Kf3 {[%clk 0:02:02]} Be5
{[%clk 0:00:24]} 41. Kg4 {[%clk 0:01:53]} Rc8 {[%clk 0:00:29]} 42. Rd2
{[%clk 0:01:47]} Rc1 {[%clk 0:00:25]} 43. a4 {[%clk 0:01:14]} Rg1+
{[%clk 0:00:17]} 44. Kf3 {[%clk 0:01:23]} Rb1 {[%clk 0:00:11]} 45. Rd3
{[%clk 0:01:29]} Kf5 {[%clk 0:00:17]} 46. Nd2 {[%clk 0:01:16]} Rh1
{[%clk 0:00:25]} 47. Ke2 {[%clk 0:01:19]} Ra1 {[%clk 0:00:13]} 48. Nc4
{[%clk 0:01:02]} Bf6 {[%clk 0:00:11]} 49. Nd6+ {[%clk 0:00:52]} Ke6
{[%clk 0:00:19]} 50. Nb5 {[%clk 0:00:55]} Ra2+ {[%clk 0:00:19]} 51. Kf3
{[%clk 0:00:58]} Kd5 {[%clk 0:00:11]} 52. Nc3+ {[%clk 0:01:05]} 1-0

[Event "euyr2018"]
[Site "?"]
[Date "2018.05.25"]
[Round "1.2"]
[White "Taragelova, Martina"]
[Black "Haase, Pavel"]
[Result "1/2-1/2"]
[BlackElo "1998"]
[WhiteElo "1615"]
[LiveChessVersion "1.4.8"]

1. e4 {[%clk 0:20:17]} c5 {[%clk 0:20:17]} 2. Nf3 {[%clk 0:20:23]} d6
{[%clk 0:20:22]} 3. Bb5+ {[%clk 0:20:28]} Bd7 {[%clk 0:20:29]} 4. a4
{[%clk 0:20:33]} Nc6 {[%clk 0:19:56]} 5. O-O {[%clk 0:20:22]} Nf6
{[%clk 0:19:37]} 6. Re1 {[%clk 0:20:08]} e6 {[%clk 0:19:12]} 7. c3
{[%clk 0:19:41]} Be7 {[%clk 0:18:32]} 8. d4 {[%clk 0:19:05]} cxd4
{[%clk 0:15:15]} 9. cxd4 {[%clk 0:19:03]} O-O {[%clk 0:12:33]} 10. Nc3
{[%clk 0:15:40]} a6 {[%clk 0:11:38]} 11. Bf1 {[%clk 0:15:03]} Re8
{[%clk 0:09:46]} 12. Qb3 {[%clk 0:11:04]} Na5 {[%clk 0:09:32]} 13. Qc2
{[%clk 0:10:09]} Rc8 {[%clk 0:08:12]} 14. Bf4 {[%clk 0:08:24]} Qb6
{[%clk 0:07:26]} 15. Be3 {[%clk 0:05:53]} Ng4 {[%clk 0:06:25]} 16. Rad1
{[%clk 0:04:46]} Nxe3 {[%clk 0:05:49]} 17. Rxe3 {[%clk 0:04:11]} Qb4
{[%clk 0:04:48]} 18. d5 {[%clk 0:00:35]} Bf6 {[%clk 0:03:53]} 19. dxe6
{[%clk 0:00:13]} Bxe6 {[%clk 0:03:51]} 20. Qd2 {[%clk 0:00:13]} Be5
{[%clk 0:01:31]} 21. Nxe5 {[%clk 0:00:19]} dxe5 {[%clk 0:01:39]} 22. Qe2
{[%clk 0:00:12]} Nc4 {[%clk 0:01:18]} 23. Rg3 {[%clk 0:00:17]} Qxb2
{[%clk 0:00:21]} 24. Qxb2 {[%clk 0:00:23]} Nxb2 {[%clk 0:00:20]} 25. Rb1
{[%clk 0:00:32]} Nc4 {[%clk 0:00:23]} 26. Rxb7 {[%clk 0:00:37]} Rb8
{[%clk 0:00:19]} 27. Rc7 {[%clk 0:00:18]} Nd2 {[%clk 0:00:19]} 28. Rd3
{[%clk 0:00:17]} Nxf1 {[%clk 0:00:27]} 29. Kxf1 {[%clk 0:00:24]} Rec8
{[%clk 0:00:34]} 30. Rxc8+ {[%clk 0:00:22]} Rxc8 {[%clk 0:00:43]} 31. Re3
{[%clk 0:00:24]} Rc4 {[%clk 0:00:39]} 32. Rd3 {[%clk 0:00:13]} f6
{[%clk 0:00:42]} 33. Ke1 {[%clk 0:00:20]} Kf7 {[%clk 0:00:46]} 34. Kd2
{[%clk 0:00:24]} Rb4 {[%clk 0:00:51]} 35. f3 {[%clk 0:00:17]} Rb2+
{[%clk 0:00:38]} 36. Ke3 {[%clk 0:00:24]} Ke7 {[%clk 0:00:25]} 37. Rd2
{[%clk 0:00:26]} Rb3 {[%clk 0:00:30]} 38. Kd3 {[%clk 0:00:28]} Kd6
{[%clk 0:00:22]} 39. Kc2+ {[%clk 0:00:34]} Kc6 {[%clk 0:00:15]} 40. Rd1
{[%clk 0:00:24]} Rb7 {[%clk 0:00:19]} 41. Rb1 {[%clk 0:00:22]} Rxb1
{[%clk 0:00:15]} 42. Nxb1 {[%clk 0:00:29]} Kc5 {[%clk 0:00:16]} 43. Kc3
{[%clk 0:00:37]} g6 {[%clk 0:00:13]} 44. Nd2 {[%clk 0:00:24]} Bd7
{[%clk 0:00:22]} 45. Nb3+ {[%clk 0:00:31]} Kb6 {[%clk 0:00:23]} 46. Kb4
{[%clk 0:00:37]} Be8 {[%clk 0:00:17]} 47. a5+ {[%clk 0:00:21]} Kb7
{[%clk 0:00:12]} 48. Nc5+ {[%clk 0:00:29]} Ka7 {[%clk 0:00:20]} 49. g3
{[%clk 0:00:25]} Bb5 {[%clk 0:00:28]} 50. f4 {[%clk 0:00:19]} Kb8
{[%clk 0:00:24]} 51. Ne6 {[%clk 0:00:11]} Bd3 {[%clk 0:00:26]} 52. Nc5
{[%clk 0:00:20]} Bb5 {[%clk 0:00:18]} 53. Ne6 {[%clk 0:00:12]} Bc6
{[%clk 0:00:12]} 54. Nc5 {[%clk 0:00:13]} Bb5 {[%clk 0:00:15]} 55. fxe5
{[%clk 0:00:19]} fxe5 {[%clk 0:00:23]} 56. Ne6 {[%clk 0:00:20]} Bd3
{[%clk 0:00:17]} 57. Ng5 {[%clk 0:00:24]} h6 {[%clk 0:00:15]} 58. Nf7
{[%clk 0:00:32]} Bxe4 {[%clk 0:00:20]} 59. Nxe5 {[%clk 0:00:40]} Kc7
{[%clk 0:00:18]} 60. Kc5 {[%clk 0:00:47]} Bc2 {[%clk 0:00:12]} 61. Nc4
{[%clk 0:00:45]} Bd3 {[%clk 0:00:11]} 62. Ne3 {[%clk 0:00:42]} Be4
{[%clk 0:00:13]} 63. Nc4 {[%clk 0:00:21]} Bg2 {[%clk 0:00:12]} 64. Nd6
{[%clk 0:00:17]} Bf3 {[%clk 0:00:12]} 65. Nf7 {[%clk 0:00:17]} h5
{[%clk 0:00:17]} 66. Ne5 {[%clk 0:00:21]} Be4 {[%clk 0:00:26]} 67. Kd4
{[%clk 0:00:14]} Bc2 {[%clk 0:00:27]} 68. Kd5 {[%clk 0:00:18]} Bb3+
{[%clk 0:00:23]} 69. Kc5 {[%clk 0:00:26]} Bc2 {[%clk 0:00:27]} 70. Nc6
{[%clk 0:00:27]} Bd1 {[%clk 0:00:21]} 71. Nb4 {[%clk 0:00:29]} Be2
{[%clk 0:00:30]} 72. Kd5 {[%clk 0:00:32]} Kd7 {[%clk 0:00:39]} 73. Ke5
{[%clk 0:00:35]} Ke7 {[%clk 0:00:13]} 74. Nd5+ {[%clk 0:00:34]} Kd7
{[%clk 0:00:11]} 75. Nb4 {[%clk 0:00:33]} Ke7 {[%clk 0:00:19]} 76. Nc6+
{[%clk 0:00:32]} Kd7 {[%clk 0:00:21]} 77. Nd4 {[%clk 0:00:19]} Bd3
{[%clk 0:00:25]} 78. Kd5 {[%clk 0:00:12]} Bf1 {[%clk 0:00:19]} 79. Nc2
{[%clk 0:00:12]} Bg2+ {[%clk 0:00:13]} 80. Kc5 {[%clk 0:00:17]} Kc7
{[%clk 0:00:15]} 81. Ne3 {[%clk 0:00:17]} Bf3 {[%clk 0:00:15]} 82. Nc2
{[%clk 0:00:12]} Bd1 {[%clk 0:00:12]} 83. Nd4 {[%clk 0:00:13]} Bg4
{[%clk 0:00:12]} 84. Kd5 {[%clk 0:00:19]} Kd7 {[%clk 0:00:12]} 85. Ke5
{[%clk 0:00:21]} Ke7 {[%clk 0:00:14]} 86. Nc6+ {[%clk 0:00:13]} Kf7
{[%clk 0:00:19]} 87. Kd6 {[%clk 0:00:18]} Kf6 {[%clk 0:00:25]} 88. Nd4
{[%clk 0:00:23]} Bh3 {[%clk 0:00:31]} 89. Kd5 {[%clk 0:00:21]} Bg2+
{[%clk 0:00:39]} 90. Kc5 {[%clk 0:00:24]} Ke5 {[%clk 0:00:28]} 91. Ne2
{[%clk 0:00:17]} g5 {[%clk 0:00:27]} 92. Nc3 {[%clk 0:00:17]} h4 {[%clk 0:00:21]}
93. Kb6 {[%clk 0:00:13]} Bf1 {[%clk 0:00:29]} 94. Kc5 {[%clk 0:00:13]} Kf5
{[%clk 0:00:21]} 95. Nd1 {[%clk 0:00:15]} Ke4 {[%clk 0:00:22]} 96. gxh4
{[%clk 0:00:11]} gxh4 {[%clk 0:00:29]} 97. Nf2+ {[%clk 0:00:12]} Kf3
{[%clk 0:00:35]} 98. Nd1 {[%clk 0:00:18]} h3 {[%clk 0:00:16]} 99. Kb6
{[%clk 0:00:23]} Be2 {[%clk 0:00:20]} 100. Nc3 {[%clk 0:00:30]} Bd3
{[%clk 0:00:23]} 101. Nd5 {[%clk 0:00:18]} Bf1 {[%clk 0:00:12]} 102. Kb7
{[%clk 0:00:12]} Kf2 {[%clk 0:00:13]} 103. Kb6 {[%clk 0:00:19]} Kg1
{[%clk 0:00:13]} 104. Nf4 {[%clk 0:00:14]} Kxh2 {[%clk 0:00:16]} 105. Nxh3
{[%clk 0:00:22]} 1/2-1/2

[Event "euyr2018"]
[Site "?"]
[Date "2018.05.25"]
[Round "1.3"]
[White "Nehyba, Martin"]
[Black "Antal, Jakub"]
[Result "1-0"]
[BlackElo "1568"]
[WhiteElo "1966"]
[LiveChessVersion "1.4.8"]

1. e4 {[%clk 0:20:07]} c5 {[%clk 0:20:09]} 2. c3 {[%clk 0:20:16]} Nf6
{[%clk 0:20:13]} 3. e5 {[%clk 0:20:24]} Nd5 {[%clk 0:20:21]} 4. d4
{[%clk 0:20:30]} cxd4 {[%clk 0:20:24]} 5. Nf3 {[%clk 0:20:36]} Nc6
{[%clk 0:19:56]} 6. cxd4 {[%clk 0:19:50]} d6 {[%clk 0:19:15]} 7. Bc4
{[%clk 0:17:36]} Nb6 {[%clk 0:15:50]} 8. Bb5 {[%clk 0:12:44]} dxe5
{[%clk 0:15:10]} 9. Nxe5 {[%clk 0:11:58]} Bd7 {[%clk 0:15:02]} 10. Nxd7
{[%clk 0:12:04]} Qxd7 {[%clk 0:14:18]} 11. Be3 {[%clk 0:12:03]} a6
{[%clk 0:11:42]} 12. Be2 {[%clk 0:11:22]} g6 {[%clk 0:09:23]} 13. Bf3
{[%clk 0:08:11]} Nd5 {[%clk 0:05:33]} 14. Nc3 {[%clk 0:07:58]} Nxc3
{[%clk 0:04:08]} 15. bxc3 {[%clk 0:08:06]} Bg7 {[%clk 0:04:08]} 16. O-O
{[%clk 0:08:07]} O-O {[%clk 0:04:11]} 17. Rb1 {[%clk 0:07:54]} e6
{[%clk 0:03:32]} 18. Qb3 {[%clk 0:06:49]} b5 {[%clk 0:01:55]} 19. Rfd1
{[%clk 0:05:51]} Rac8 {[%clk 0:00:24]} 20. Qa3 {[%clk 0:05:35]} a5
{[%clk 0:00:14]} 21. Qb3 {[%clk 0:01:53]} Rb8 {[%clk 0:00:14]} 22. d5
{[%clk 0:01:50]} Ne5 {[%clk 0:00:18]} 23. Be2 {[%clk 0:01:27]} Nc4
{[%clk 0:00:12]} 24. Bxc4 {[%clk 0:01:23]} a4 {[%clk 0:00:12]} 25. Qb4
{[%clk 0:01:13]} Bxc3 {[%clk 0:00:15]} 26. Qxc3 {[%clk 0:01:15]} bxc4
{[%clk 0:00:15]} 27. Rxb8 {[%clk 0:01:20]} Rxb8 {[%clk 0:00:16]} 28. Qe5
{[%clk 0:01:18]} Re8 {[%clk 0:00:11]} 29. Bd4 {[%clk 0:01:22]} f6
{[%clk 0:00:12]} 30. Qxf6 {[%clk 0:01:29]} 1-0

[Event "euyr2018"]
[Site "?"]
[Date "2018.05.25"]
[Round "1.4"]
[White "Zahorcek, Jakub"]
[Black "Pribylova, Sofie"]
[Result "0-1"]
[BlackElo "1950"]
[WhiteElo "1548"]
[LiveChessVersion "1.4.8"]

1. d4 {[%clk 0:20:18]} Nf6 {[%clk 0:20:18]} 2. c4 {[%clk 0:20:25]} c5
{[%clk 0:20:26]} 3. d5 {[%clk 0:20:26]} b5 {[%clk 0:20:34]} 4. e3
{[%clk 0:20:00]} bxc4 {[%clk 0:20:08]} 5. Bxc4 {[%clk 0:20:03]} d6
{[%clk 0:19:49]} 6. Nc3 {[%clk 0:19:36]} g6 {[%clk 0:19:49]} 7. Nge2
{[%clk 0:19:20]} Bg7 {[%clk 0:19:55]} 8. O-O {[%clk 0:19:27]} O-O
{[%clk 0:19:59]} 9. b3 {[%clk 0:18:55]} Nbd7 {[%clk 0:18:01]} 10. Bb2
{[%clk 0:17:35]} Ne5 {[%clk 0:17:31]} 11. Bb5 {[%clk 0:16:56]} a6
{[%clk 0:16:59]} 12. Ba4 {[%clk 0:15:09]} Rb8 {[%clk 0:16:03]} 13. Qc2
{[%clk 0:13:43]} Nfd7 {[%clk 0:12:28]} 14. Bxd7 {[%clk 0:12:23]} Bxd7
{[%clk 0:10:37]} 15. h3 {[%clk 0:12:18]} c4 {[%clk 0:08:22]} 16. f4
{[%clk 0:10:28]} Nd3 {[%clk 0:08:30]} 17. Rab1 {[%clk 0:10:17]} Nxb2
{[%clk 0:05:54]} 18. Rxb2 {[%clk 0:10:04]} Qb6 {[%clk 0:05:35]} 19. Qd2
{[%clk 0:09:04]} cxb3 {[%clk 0:05:27]} 20. Rxb3 {[%clk 0:08:59]} Qa7
{[%clk 0:04:51]} 21. Rfb1 {[%clk 0:08:42]} Rxb3 {[%clk 0:04:52]} 22. Rxb3
{[%clk 0:08:49]} Rc8 {[%clk 0:04:56]} 23. Kh1 {[%clk 0:07:04]} h5
{[%clk 0:04:30]} 24. Qd3 {[%clk 0:05:37]} Rc5 {[%clk 0:03:38]} 25. e4
{[%clk 0:03:56]} Qc7 {[%clk 0:03:39]} 26. a3 {[%clk 0:02:30]} Qa5
{[%clk 0:03:41]} 27. Qe3 {[%clk 0:01:25]} Qc7 {[%clk 0:03:24]} 28. Na2 Bb5
{[%clk 0:02:48]} 29. Nd4 {[%clk 0:00:40]} Bc4 {[%clk 0:02:23]} 30. Rb2
{[%clk 0:00:31]} Bxa2 {[%clk 0:02:19]} 31. Rxa2 {[%clk 0:00:40]} Rc1+
{[%clk 0:02:22]} 32. Kh2 {[%clk 0:00:43]} Qc4 {[%clk 0:01:12]} 33. Rd2
{[%clk 0:00:40]} Bxd4 {[%clk 0:00:36]} 34. Qxd4 {[%clk 0:00:42]} Qf1
{[%clk 0:00:42]} 35. Rb2 {[%clk 0:00:26]} Qxf4+ {[%clk 0:00:16]} 36. g3
{[%clk 0:00:35]} Qe5 {[%clk 0:00:23]} 37. Rb8+ {[%clk 0:00:20]} Kg7
{[%clk 0:00:30]} 38. Qxe5+ dxe5 39. Rb7 {[%clk 0:00:19]} Rc2+ {[%clk 0:00:35]}
40. Kg1 {[%clk 0:00:27]} Rc3 {[%clk 0:00:14]} 41. Rxe7 {[%clk 0:00:35]} Kf6
{[%clk 0:00:23]} 42. Rb7 {[%clk 0:00:42]} Rxa3 {[%clk 0:00:30]} 43. Rb6+
{[%clk 0:00:51]} Ke7 {[%clk 0:00:18]} 44. Kg2 {[%clk 0:01:00]} a5
{[%clk 0:00:21]} 45. Ra6 {[%clk 0:00:39]} a4 {[%clk 0:00:21]} 46. d6+
{[%clk 0:00:33]} Kd7 {[%clk 0:00:29]} 47. Ra7+ {[%clk 0:00:38]} Kxd6
{[%clk 0:00:37]} 48. Rxf7 {[%clk 0:00:47]} Kc5 {[%clk 0:00:14]} 49. Rb7
{[%clk 0:00:43]} Rb3 {[%clk 0:00:19]} 50. Ra7 {[%clk 0:00:49]} a3
{[%clk 0:00:26]} 51. Ra5+ {[%clk 0:00:50]} Kd4 {[%clk 0:00:31]} 52. Ra4+
{[%clk 0:01:00]} Kc3 {[%clk 0:00:28]} 53. Ra5 {[%clk 0:00:46]} Kb2
{[%clk 0:00:28]} 0-1

[Event "euyr2018"]
[Site "?"]
[Date "2018.05.25"]
[Round "1.6"]
[White "Janikova, Katka"]
[Black "Jakab, Bela"]
[Result "0-1"]
[BlackElo "1850"]
[WhiteElo "1483"]
[LiveChessVersion "1.4.8"]

1. d4 {[%clk 0:20:14]} Nf6 {[%clk 0:20:18]} 2. c4 {[%clk 0:20:15]} e6
{[%clk 0:20:26]} 3. Nc3 {[%clk 0:20:19]} d5 {[%clk 0:20:35]} 4. e3
{[%clk 0:20:14]} Be7 {[%clk 0:20:41]} 5. Bd3 {[%clk 0:19:48]} O-O
{[%clk 0:20:38]} 6. Nge2 {[%clk 0:19:35]} dxc4 {[%clk 0:20:27]} 7. Bxc4
{[%clk 0:19:34]} b6 {[%clk 0:20:35]} 8. O-O {[%clk 0:19:14]} Bb7 {[%clk 0:20:44]}
9. Qc2 {[%clk 0:18:52]} Nc6 {[%clk 0:20:17]} 10. Rd1 {[%clk 0:18:04]} Rc8
{[%clk 0:20:09]} 11. h3 {[%clk 0:16:59]} Nb4 {[%clk 0:20:01]} 12. Qd2
{[%clk 0:16:23]} Qd6 {[%clk 0:19:12]} 13. Bb3 {[%clk 0:15:28]} a6
{[%clk 0:18:48]} 14. a3 {[%clk 0:14:18]} Nbd5 {[%clk 0:18:54]} 15. Bxd5
{[%clk 0:12:04]} exd5 {[%clk 0:18:47]} 16. b4 {[%clk 0:11:16]} Ne4
{[%clk 0:18:35]} 17. Qc2 {[%clk 0:10:37]} Rfd8 {[%clk 0:18:36]} 18. Bb2
{[%clk 0:09:54]} Bh4 {[%clk 0:17:05]} 19. Nxe4 {[%clk 0:09:03]} dxe4
{[%clk 0:17:12]} 20. Nc3 {[%clk 0:08:55]} Qg6 {[%clk 0:16:42]} 21. Rac1
{[%clk 0:07:37]} Rd6 {[%clk 0:15:50]} 22. Qe2 {[%clk 0:06:23]} Rf6
{[%clk 0:15:16]} 23. Rf1 {[%clk 0:06:03]} Qf5 {[%clk 0:15:06]} 24. Rcd1
{[%clk 0:04:41]} Rg6 {[%clk 0:15:07]} 25. Kh2 {[%clk 0:04:23]} Rd8
{[%clk 0:14:27]} 26. Rd2 {[%clk 0:03:31]} Rdd6 {[%clk 0:14:28]} 27. Rc2
{[%clk 0:02:57]} Rxg2+ {[%clk 0:12:37]} 28. Kxg2 {[%clk 0:02:44]} Rg6+
{[%clk 0:12:46]} 29. Kh2 {[%clk 0:02:45]} Bc8 {[%clk 0:12:54]} 0-1

[Event "euyr2018"]
[Site "?"]
[Date "2018.05.25"]
[Round "1.7"]
[White "Panko, Eduard"]
[Black "Turanec, Daniel"]
[Result "1-0"]
[BlackElo "1476"]
[WhiteElo "1776"]
[LiveChessVersion "1.4.8"]

1. e4 {[%clk 0:20:18]} e6 {[%clk 0:20:13]} 2. Nf3 {[%clk 0:20:24]} d5
{[%clk 0:20:22]} 3. e5 {[%clk 0:20:31]} c5 {[%clk 0:20:30]} 4. b4
{[%clk 0:20:39]} Nc6 {[%clk 0:20:33]} 5. bxc5 {[%clk 0:20:41]} Bxc5
{[%clk 0:20:40]} 6. d4 {[%clk 0:20:47]} Bb6 {[%clk 0:20:36]} 7. c3
{[%clk 0:20:44]} Nge7 {[%clk 0:20:41]} 8. Bd3 {[%clk 0:20:45]} Bd7
{[%clk 0:20:40]} 9. O-O {[%clk 0:20:08]} Qc7 {[%clk 0:20:13]} 10. Ba3
{[%clk 0:17:55]} Rc8 {[%clk 0:19:40]} 11. Ng5 {[%clk 0:15:30]} Ng6
{[%clk 0:18:04]} 12. Qg4 {[%clk 0:11:52]} Qd8 {[%clk 0:15:29]} 13. Nxh7
{[%clk 0:09:42]} Rxh7 {[%clk 0:15:29]} 14. Qxg6 {[%clk 0:09:33]} Rh8
{[%clk 0:14:34]} 15. Qxg7 {[%clk 0:08:52]} Qh4 {[%clk 0:14:34]} 16. h3
{[%clk 0:08:00]} Nxd4 17. cxd4 {[%clk 0:03:03]} Bxd4 {[%clk 0:13:18]} 18. Nd2
{[%clk 0:03:08]} Bxa1 {[%clk 0:13:26]} 19. Nf3 {[%clk 0:02:44]} Qh6
{[%clk 0:13:05]} 20. Qxh6 {[%clk 0:02:48]} Rxh6 {[%clk 0:13:14]} 21. Rxa1
{[%clk 0:02:57]} Rc3 {[%clk 0:13:23]} 22. Bc1 {[%clk 0:03:04]} Rh8
{[%clk 0:13:00]} 23. Bf1 {[%clk 0:02:29]} Rg8 {[%clk 0:13:05]} 24. Kh2
{[%clk 0:02:11]} Ke7 {[%clk 0:13:13]} 25. Bg5+ {[%clk 0:02:07]} Ke8
{[%clk 0:13:19]} 26. Bf6 {[%clk 0:01:57]} Bc6 {[%clk 0:13:22]} 27. Nd4
{[%clk 0:01:42]} Kd7 {[%clk 0:13:29]} 28. Rb1 {[%clk 0:01:28]} b6
{[%clk 0:13:08]} 29. Nxc6 {[%clk 0:01:13]} Kxc6 {[%clk 0:13:16]} 30. Bb5+
{[%clk 0:01:13]} Kb7 {[%clk 0:13:23]} 31. Rb2 {[%clk 0:01:01]} Rc5
{[%clk 0:13:09]} 32. a4 {[%clk 0:00:53]} Rgc8 {[%clk 0:13:17]} 33. h4
{[%clk 0:01:00]} d4 {[%clk 0:13:22]} 34. Rd2 {[%clk 0:00:55]} a6 {[%clk 0:13:31]}
35. Be2 {[%clk 0:00:58]} Rc2 {[%clk 0:13:39]} 36. Bf3+ {[%clk 0:01:08]} Kb8
{[%clk 0:13:35]} 37. Rxd4 {[%clk 0:01:16]} R2c4 {[%clk 0:13:34]} 38. Rd6
{[%clk 0:01:18]} Rb4 {[%clk 0:13:19]} 39. a5 {[%clk 0:01:06]} bxa5
{[%clk 0:13:26]} 40. Rxa6 {[%clk 0:01:14]} a4 {[%clk 0:12:42]} 41. Be7
{[%clk 0:01:19]} 1-0

[Event "euyr2018"]
[Site "?"]
[Date "2018.05.25"]
[Round "1.8"]
[White "Martyniuk, Vladislav"]
[Black "Ferkova, Dominika"]
[Result "0-1"]
[BlackElo "1759"]
[WhiteElo "1470"]
[LiveChessVersion "1.4.8"]

1. e4 {[%clk 0:20:19]} c6 {[%clk 0:20:19]} 2. d4 {[%clk 0:20:26]} d5
{[%clk 0:20:28]} 3. exd5 {[%clk 0:20:34]} cxd5 {[%clk 0:20:37]} 4. c4
{[%clk 0:20:44]} e6 {[%clk 0:20:39]} 5. Nf3 {[%clk 0:20:48]} Nf6 {[%clk 0:20:47]}
6. Be2 {[%clk 0:20:49]} Nc6 {[%clk 0:20:50]} 7. O-O {[%clk 0:20:53]} dxc4
{[%clk 0:19:57]} 8. Bxc4 {[%clk 0:20:40]} Be7 {[%clk 0:20:05]} 9. Nc3
{[%clk 0:20:17]} O-O {[%clk 0:20:12]} 10. Bf4 {[%clk 0:19:57]} a6
{[%clk 0:20:15]} 11. Rc1 {[%clk 0:19:45]} b5 {[%clk 0:19:39]} 12. Bb3
{[%clk 0:19:44]} Bb7 {[%clk 0:19:29]} 13. a3 {[%clk 0:18:44]} Na5
{[%clk 0:18:24]} 14. Ba2 {[%clk 0:18:24]} Rc8 {[%clk 0:13:26]} 15. Ng5
{[%clk 0:13:03]} Nc4 {[%clk 0:12:31]} 16. Be5 {[%clk 0:11:36]} h6
{[%clk 0:11:47]} 17. Bxc4 {[%clk 0:11:41]} Rxc4 {[%clk 0:10:24]} 18. Nf3
{[%clk 0:08:00]} Ng4 {[%clk 0:09:55]} 19. Bf4 Bxf3 20. Qxf3 {[%clk 0:08:05]} Qxd4
{[%clk 0:10:03]} 21. Ne2 {[%clk 0:07:42]} Qe4 {[%clk 0:05:05]} 22. Qxg4
{[%clk 0:07:16]} e5 {[%clk 0:05:02]} 23. Rxc4 {[%clk 0:07:10]} bxc4
{[%clk 0:04:56]} 24. Nc3 {[%clk 0:04:15]} Qxf4 {[%clk 0:05:01]} 25. Qxf4
{[%clk 0:04:24]} exf4 {[%clk 0:05:10]} 26. Nd5 {[%clk 0:04:34]} Bd6
{[%clk 0:04:33]} 27. Nb6 {[%clk 0:04:31]} c3 {[%clk 0:04:25]} 28. bxc3
{[%clk 0:04:15]} Bxa3 {[%clk 0:04:23]} 29. Ra1 {[%clk 0:03:44]} Bb2
{[%clk 0:02:07]} 30. Rxa6 {[%clk 0:03:51]} Bxc3 {[%clk 0:02:15]} 31. Nd5
{[%clk 0:03:54]} Re8 {[%clk 0:02:05]} 32. h3 {[%clk 0:03:32]} Re1+
{[%clk 0:02:13]} 33. Kh2 {[%clk 0:03:41]} Be5 {[%clk 0:02:23]} 34. f3
{[%clk 0:03:26]} Rd1 {[%clk 0:01:50]} 35. Ra5 {[%clk 0:03:15]} Kh7
{[%clk 0:01:45]} 36. Rb5 {[%clk 0:02:19]} Bd6 {[%clk 0:01:33]} 37. Nc3
{[%clk 0:02:21]} Rc1 {[%clk 0:01:22]} 38. Ne4 {[%clk 0:02:30]} Be7
{[%clk 0:01:28]} 39. Rb7 {[%clk 0:02:36]} Bd8 {[%clk 0:01:20]} 40. Rxf7 Bb6 41.
h4 {[%clk 0:01:29]} Bd8 {[%clk 0:01:17]} 42. g3 {[%clk 0:01:07]} fxg3+
{[%clk 0:01:13]} 43. Kxg3 {[%clk 0:01:14]} Rh1 {[%clk 0:01:15]} 44. h5
{[%clk 0:01:02]} Rxh5 {[%clk 0:01:19]} 45. Rd7 {[%clk 0:01:10]} Bg5
{[%clk 0:00:20]} 46. f4 {[%clk 0:01:14]} Rh4 {[%clk 0:00:21]} 47. Nxg5+
{[%clk 0:01:09]} hxg5 0-1

[Event "euyr2018"]
[Site "?"]
[Date "2018.05.25"]
[Round "1.9"]
[White "Viczencz, Peter"]
[Black "Stauder, Matej"]
[Result "1/2-1/2"]
[BlackElo "1445"]
[WhiteElo "1731"]
[LiveChessVersion "1.4.8"]

1. e4 {[%clk 0:20:18]} c5 {[%clk 0:20:17]} 2. Nf3 {[%clk 0:20:25]} e6
{[%clk 0:20:26]} 3. d4 {[%clk 0:20:34]} cxd4 {[%clk 0:20:34]} 4. Nxd4
{[%clk 0:20:42]} a6 {[%clk 0:20:44]} 5. Nc3 {[%clk 0:20:50]} Qc7 {[%clk 0:20:46]}
6. Be3 {[%clk 0:20:58]} Nf6 {[%clk 0:20:39]} 7. g3 {[%clk 0:21:06]} Nc6
{[%clk 0:20:25]} 8. Bg2 {[%clk 0:21:11]} Be7 {[%clk 0:19:19]} 9. O-O
{[%clk 0:20:52]} e5 {[%clk 0:18:15]} 10. Nf5 {[%clk 0:20:07]} O-O
{[%clk 0:17:33]} 11. Nd5 {[%clk 0:17:22]} Nxd5 {[%clk 0:17:14]} 12. exd5
{[%clk 0:17:26]} d6 {[%clk 0:17:15]} 13. dxc6 {[%clk 0:14:40]} Bxf5
{[%clk 0:17:23]} 14. cxb7 {[%clk 0:14:49]} Rab8 {[%clk 0:17:31]} 15. c3
{[%clk 0:13:50]} e4 {[%clk 0:16:31]} 16. Qd5 {[%clk 0:13:31]} Be6
{[%clk 0:16:14]} 17. Qxe4 {[%clk 0:13:19]} d5 {[%clk 0:16:19]} 18. Qd3
{[%clk 0:12:24]} Qxb7 {[%clk 0:16:16]} 19. b3 {[%clk 0:12:24]} Bf6
{[%clk 0:15:35]} 20. Rac1 {[%clk 0:12:29]} a5 {[%clk 0:15:25]} 21. Rfd1
{[%clk 0:11:52]} Rfd8 {[%clk 0:15:06]} 22. Bd4 {[%clk 0:11:42]} Be7
{[%clk 0:13:12]} 23. Be5 {[%clk 0:08:46]} Rbc8 {[%clk 0:12:59]} 24. Rc2
{[%clk 0:07:15]} Qd7 {[%clk 0:12:22]} 25. Rcd2 {[%clk 0:07:01]} Rc5
{[%clk 0:11:38]} 26. Bd4 {[%clk 0:06:20]} Rc6 {[%clk 0:07:05]} 27. Be5
{[%clk 0:05:32]} Rc5 {[%clk 0:05:44]} 28. Qe3 {[%clk 0:05:41]} Qb5
{[%clk 0:02:58]} 29. c4 {[%clk 0:05:28]} Qb7 {[%clk 0:01:34]} 30. cxd5
{[%clk 0:04:18]} Bxd5 {[%clk 0:01:10]} 31. Qf3 {[%clk 0:03:56]} Bxf3
{[%clk 0:00:33]} 32. Rxd8+ {[%clk 0:04:04]} Bf8 {[%clk 0:00:30]} 33. Bd6
{[%clk 0:04:12]} Rc8 {[%clk 0:00:30]} 34. Bxf3 {[%clk 0:03:42]} Qxf3
{[%clk 0:00:38]} 35. Bxf8 {[%clk 0:03:37]} Rxd8 {[%clk 0:00:37]} 36. Rxd8
{[%clk 0:03:45]} h6 {[%clk 0:00:46]} 37. Bb4+ {[%clk 0:03:47]} Kh7
{[%clk 0:00:55]} 38. Bxa5 {[%clk 0:03:56]} Qf5 {[%clk 0:00:46]} 39. b4
{[%clk 0:03:28]} Qb1+ {[%clk 0:00:49]} 40. Kg2 {[%clk 0:03:37]} Qxa2
{[%clk 0:00:54]} 41. Rd7 {[%clk 0:03:22]} g5 {[%clk 0:00:38]} 42. Rc7
{[%clk 0:03:00]} 1/2-1/2